000 00561nam a2200217Ia 4500
008 230125s9999 xx 000 0 und d
020 _a81-86314-20-2
041 _aeng
082 _a658.8
_bVAR
100 _aVarkey V O
_9109984
245 _aHandbook of marketing management
250 _a3rd ed
260 _c1997
_bEverest Publishing house
_aPune
300 _a192p
500 _aMarketing handbook
500 _amarketing management
650 _aMarketing Management
700 _aVarkey V O
_9109984
906 _b14
999 _c86659
_d86659